| 000 | 00778nam a22002537a 4500 | ||
|---|---|---|---|
| 005 | 20260408100107.0 | ||
| 008 | 260408b |||||||| |||| 00| 0 eng d | ||
| 020 | _a9789357466448 | ||
| 040 | _cAL | ||
| 041 | _aEnglish | ||
| 082 |
_a519.5 _bMANI |
||
| 100 |
_aPrem S Mann _9260648 |
||
| 245 | _aIntroductory statistics | ||
| 250 | _a10. | ||
| 260 |
_aNew Delhi _bWiley India Pvt Ltd _c2024 |
||
| 300 |
_axvii,684p. _bPB _c28x22cm |
||
| 365 |
_aVBI-2645 _b₹896.25 _c₹ _d₹1195.00 _e25% _f20-02-2026 |
||
| 650 |
_aDescriptive Statistics _9260649 |
||
| 650 |
_aProbability and Distributions _9260650 |
||
| 650 |
_aInferential Statistics _9260651 |
||
| 650 |
_aStatistical Analysis Techniques _9260652 |
||
| 650 |
_aRegression and Prediction _9260653 |
||
| 942 |
_2ddc _cBK |
||
| 999 |
_c241176 _d241176 |
||